Report of the 1987 Industrial Survey Bangkok Metropolis, Nonthaburi, Pathum Thani and Samut Prakan
Salvato in:
| Natura: | Libro |
|---|---|
| Lingua: | thailandese inglese |
| Pubblicazione: |
Bangkok
National Statistical Office
1987
|
| Edizione: | 1. ed. |
| Soggetti: | |
| Tags: |
Nessun Tag, puoi essere il primo ad aggiungerne!!
|
MARC
| LEADER | 00000nam a2200000 4500 | ||
|---|---|---|---|
| 001 | c003299 | ||
| 005 | 20221219121211.2 | ||
| 041 | 0 | |a tha | |
| 041 | 0 | |a eng | |
| 044 | |a TH | ||
| 245 | 1 | 0 | |a Report of the 1987 Industrial Survey |b Bangkok Metropolis, Nonthaburi, Pathum Thani and Samut Prakan |
| 250 | |a 1. ed. | ||
| 264 | 1 | |a Bangkok |b National Statistical Office |c 1987 | |
| 300 | |a 108 s. | ||
| 610 | 2 | 0 | |a tabuľky štatistické |
| 610 | 2 | 0 | |a Thajsko |
| 610 | 2 | 0 | |a 1987 |
| 610 | 2 | 0 | |a priemysel |
| 610 | 2 | 0 | |a rozvoj regionálny |
| 610 | 2 | 0 | |a regióny |
| 610 | 2 | 0 | |a Bangkok |
| 610 | 2 | 0 | |a Nonthaburi |
| 610 | 2 | 0 | |a Pathum Thani |
| 610 | 2 | 0 | |a Samut Prakan |
| 610 | 2 | 0 | |a mestá |